=LDR 00000nam 2200000 4500 =001 000157 =020 $9786025790522 =082 $307.199 =100 $Eva Nurdinawati =245 $Menuju desa siaga bencana =250 $Cetakan Pertama =264 $Yogyakarta: Hijaz Pustaka Mandiri 2019 =300 $122 halaman; 20 cm. =650 $Komunitas =905 $307.2 EVA m =336 $$a =337 $$a =338 $$a =005 20260702151432.0 =008 260702s2026\\\\\\\\\\\\\\\\\\\\\\\\\\\\\\\\\\\\\\\\\